[Event "Bagneux  IM"]
[Site "Bagneux"]
[Date "1999.07.15"]
[Round "8.4"]
[White "Gyorkos, Lajos"]
[Black "Le Quang, Kim"]
[Result "1-0"]
[WhiteElo "2424"]
[BlackElo "2349"]
[PlyCount "83"]
[EventDate "1999.07.??"]

1. d4 Nf6 2. Nf3 g6 3. g3 Bg7 4. Bg2 O-O 5. b3 c5 6. Bb2 cxd4 7. O-O d5 8. Nxd4
Nc6 9. Nxc6 bxc6 10. c4 Be6 11. cxd5 cxd5 12. Nc3 Rc8 13. Qd2 Qd7 14. Rfd1 Rfd8
15. Rac1 Qe8 16. Na4 Bd7 17. Nc5 Bc6 18. Qa5 e6 19. a4 Qe7 20. b4 Ba8 21. Na6
Ng4 22. Bxg7 Kxg7 23. Nc7 Qf6 24. Qxa7 d4 25. Rf1 Bxg2 26. Kxg2 Qe5 27. h3 Nf6
28. b5 Kg8 29. b6 Rb8 30. Qa6 Ne4 31. a5 Nc3 32. Rfe1 Qc5 33. Ra1 e5 34. f3 e4
35. fxe4 Qe5 36. Qd3 Nxe4 37. Rf1 Rd7 38. Rac1 Re7 39. a6 Rxb6 40. a7 Re8 41.
Nxe8 Qxe8 42. Rb1 1-0

[Event "Bagneux  IM"]
[Site "Bagneux"]
[Date "1999.07.15"]
[Round "8.5"]
[White "Sinkovics, Peter"]
[Black "Doornbos, Yann"]
[Result "1-0"]
[WhiteElo "2313"]
[BlackElo "2343"]
[PlyCount "103"]
[EventDate "1999.07.??"]

1. d4 e6 2. c4 Bb4+ 3. Bd2 a5 4. g3 Nc6 5. Nf3 d6 6. Bg2 e5 7. O-O e4 8. Ng5
Bxd2 9. Qxd2 f5 10. Nh3 Nf6 11. Nc3 O-O 12. Nf4 Bd7 13. f3 exf3 14. exf3 Ne7
15. Rae1 Ng6 16. Nfd5 Nxd5 17. Nxd5 c6 18. Nc3 f4 19. g4 d5 20. cxd5 cxd5 21.
Rf2 Be8 22. Bf1 h5 23. gxh5 Qg5+ 24. Kh1 Qxh5 25. Bd3 Rd8 26. Qc2 Rd6 27. Rff1
Bf7 28. Bf5 Qh4 29. Re2 Ne7 30. Bg4 Bg6 31. Qd2 Bf5 32. Rg1 Rg6 33. Reg2 Bxg4
34. Rxg4 Rxg4 35. Rxg4 Qh3 36. Qg2 Qxg2+ 37. Kxg2 Nf5 38. Kf2 Ne3 39. Rg5 Rc8
40. Ke2 Rd8 41. Kd3 Kf7 42. Ne2 Kf6 43. h4 Nf5 44. Nxf4 Nxh4 45. Rxd5 Re8 46.
Rxa5 Nxf3 47. Nd5+ Kg6 48. Rb5 Rd8 49. Ke3 Ne1 50. Nf4+ Kh7 51. Ne6 Rd7 52.
Nf8+ 1-0

[Event "Bagneux  IM"]
[Site "Bagneux"]
[Date "1999.07.16"]
[Round "9.2"]
[White "Le Quang, Kim"]
[Black "Sinkovics, Peter"]
[Result "1/2-1/2"]
[WhiteElo "2349"]
[BlackElo "2313"]
[PlyCount "55"]
[EventDate "1999.07.??"]

1. e4 e5 2. Nf3 Nc6 3. Nc3 Nf6 4. Bb5 Bb4 5. O-O O-O 6. d3 d6 7. Bg5 Bxc3 8.
bxc3 h6 9. Bh4 Qe7 10. Re1 Nd8 11. d4 Ne6 12. dxe5 dxe5 13. Nxe5 Qc5 14. Bxf6
gxf6 15. Ng4 Qxb5 16. Nxf6+ Kg7 17. e5 Rh8 18. Qg4+ Kf8 19. Rad1 b6 20. Rd3 Bb7
21. Red1 Bc6 22. Qf5 Nc5 23. Rd4 Qe2 24. h4 Ne6 25. Nd7+ Ke8 26. Nf6+ Kf8 27.
Nd7+ Ke8 28. Nf6+ 1/2-1/2

[Event "Bagneux  IM"]
[Site "Bagneux"]
[Date "1999.07.16"]
[Round "9.3"]
[White "Guedon, Stephane"]
[Black "Gyorkos, Lajos"]
[Result "1/2-1/2"]
[WhiteElo "2351"]
[BlackElo "2424"]
[PlyCount "49"]
[EventDate "1999.07.??"]

1. e4 e5 2. Nf3 Nc6 3. Bb5 a6 4. Ba4 g6 5. c3 Bg7 6. d4 b5 7. Bb3 d6 8. dxe5
dxe5 9. Qe2 Na5 10. Be3 Qe7 11. Nbd2 Nf6 12. O-O O-O 13. Bc2 c5 14. a4 Bd7 15.
Rfd1 Rfc8 16. b3 bxa4 17. bxa4 Nh5 18. Rdb1 Qe6 19. Nb3 Nxb3 20. Rxb3 Nf4 21.
Qf1 Qe8 22. Rb6 a5 23. Nd2 Be6 24. Nc4 Qd8 25. Rd1 1/2-1/2

[Event "Bagneux  IM"]
[Site "Bagneux"]
[Date "1999.07.16"]
[Round "9.4"]
[White "Bartha, Sandor"]
[Black "Sellos, Didier"]
[Result "0-1"]
[WhiteElo "2245"]
[BlackElo "2372"]
[PlyCount "118"]
[EventDate "1999.07.??"]

1. d4 Nf6 2. b3 c5 3. dxc5 Qa5+ 4. Bd2 Qxc5 5. Nf3 Nc6 6. e3 d6 7. Be2 g6 8. c4
Ne4 9. Nc3 Nxd2 10. Qxd2 Bg7 11. Rc1 Qa5 12. O-O O-O 13. h3 Be6 14. Rfd1 Rfc8
15. Nb5 Qxd2 16. Rxd2 h6 17. Nbd4 Nxd4 18. Nxd4 Bd7 19. Bg4 e6 20. Rcd1 Bf8 21.
Bf3 Rab8 22. Nb5 Bxb5 23. cxb5 Rc7 24. e4 Rbc8 25. Be2 Rc1 26. Bc4 Rxd1+ 27.
Rxd1 Kg7 28. f3 Kf6 29. Kf2 Ke7 30. g4 g5 31. Rh1 Bg7 32. h4 Bd4+ 33. Ke2 Kf6
34. hxg5+ hxg5 35. Rh7 Bc5 36. a4 Rf8 37. Rh5 Rd8 38. Rh7 b6 39. Bd3 Rf8 40.
Rh5 Ba3 41. Kd2 Bb2 42. Kd1 Rc8 43. Rh2 Rc1+ 44. Kd2 Rc7 45. Kd1 Rc3 46. Bc4
Ba3 47. Rc2 Rxf3 48. Be2 Rxb3 49. Rc7 Rb4 50. Rxa7 Rxe4 51. Kd2 Bc5 52. Kd3
Rd4+ 53. Kc3 Rf4 54. Bd1 Ke5 55. Rc7 f6 56. Rc6 Rd4 57. Bb3 Rxg4 58. Kd3 Rb4
59. Kc3 g4 0-1

[Event "Bagneux  IM"]
[Site "Bagneux"]
[Date "1999.07.16"]
[Round "9.5"]
[White "Peyrat, Olivier"]
[Black "Gollain, Marc"]
[Result "1-0"]
[WhiteElo "2390"]
[BlackElo "2218"]
[PlyCount "81"]
[EventDate "1999.07.??"]

1. c4 e5 2. d3 Nc6 3. Nc3 g6 4. g3 Bg7 5. Bg2 d6 6. Rb1 Be6 7. e3 Qd7 8. b4 Nf6
9. Nd5 O-O 10. Ne2 Nh5 11. O-O Nd8 12. b5 c6 13. bxc6 bxc6 14. Ndc3 Bh3 15. f3
Bh6 16. Qa4 a5 17. Bd2 Bxg2 18. Kxg2 Ne6 19. Rb2 f5 20. Qc2 Qa7 21. Rfb1 Nd8
22. Rb6 Nf6 23. d4 Nd7 24. R6b2 Re8 25. Kf1 Bg7 26. d5 Nc5 27. e4 Qf7 28. Kg2
Rf8 29. exf5 gxf5 30. Rf1 Qh5 31. h3 cxd5 32. cxd5 Qg6 33. Be3 Ndb7 34. Rb6 Bh6
35. Bf2 Bg5 36. Nb5 Be7 37. Rc6 h5 38. Bxc5 Nxc5 39. Qxc5 dxc5 40. Rxg6+ Kf7
41. Rc6 1-0